| 000 | 00468 a2200169 4500 | ||
|---|---|---|---|
| 001 | 79628 | ||
| 020 | _a9780974097084 | ||
| 082 | _a153.6 CON | ||
| 090 |
_c39619 _d39619 |
||
| 100 | _aJo Condrill; Bennie Bough | ||
| 245 |
_a101 Ways to improve your Communication Skills Instantly 4/ed _cJo Condrill; Bennie Bough _hEnglish |
||
| 250 | _a4 | ||
| 260 |
_aUSA _bSan Antonio _c2007 |
||
| 300 | _axii 112 | ||
| 500 | _aDOS BS Reference Books | ||
| 505 | _aGifted Books | ||
| 942 |
_acaenust _k153.6 CON |
||
| 999 |
_c314701 _d314701 |
||